000 00535nam a2200205Ia 4500
008 170203s9999 xx 000 0 und d
020 _a0-140314644
050 _aFIc
050 _bD131j
100 _aGeorge, Richard R.
245 _aJames and the giant peach :
245 _ba play /
245 _cadapted by Richard George ; introduction by Roald Dahl.
260 _bPuffin Books,
260 _c2007
300 _a91 pages :
300 _billustrations ;
300 _c20 cm
650 _aChildren's plays, English.
999 _c306414
_d306414